<?xml version="1.0" encoding="UTF-8"?>
<record
    xmlns:xsi="http://www.w3.org/2001/XMLSchema-instance"
    xsi:schemaLocation="http://www.loc.gov/MARC21/slim http://www.loc.gov/standards/marcxml/schema/MARC21slim.xsd"
    xmlns="http://www.loc.gov/MARC21/slim">

  <leader>02208agaaa2200325   4500</leader>
  <controlfield tag="001">7029</controlfield>
  <controlfield tag="003">IT-RoPAU</controlfield>
  <controlfield tag="005">20220918181226.0</controlfield>
  <controlfield tag="007">d cvaizq</controlfield>
  <controlfield tag="008">50131s9999||||xx ||| |     ||   ||und||</controlfield>
  <datafield tag="040" ind1=" " ind2=" ">
    <subfield code="a">IT-RoPAU</subfield>
    <subfield code="c">IT-RoPAU</subfield>
  </datafield>
  <datafield tag="041" ind1=" " ind2=" ">
    <subfield code="a">ITALIANO</subfield>
  </datafield>
  <datafield tag="100" ind1=" " ind2=" ">
    <subfield code="a">Comencini Luigi</subfield>
    <subfield code="g">Codice regista SPICS: 7883</subfield>
    <subfield code="9">38316</subfield>
  </datafield>
  <datafield tag="130" ind1=" " ind2=" ">
    <subfield code="a">AVVENTURE DI PINOCCHIO (LE)</subfield>
    <subfield code="9">38317</subfield>
  </datafield>
  <datafield tag="245" ind1=" " ind2=" ">
    <subfield code="a">AVVENTURE DI PINOCCHIO (LE)</subfield>
    <subfield code="c">Prodotto da: Rai-Ortf Sampaolo -- Sceneggiatura: Comencini Luigi Cecchi D'Amico Suso -- Diretto da: Comencini Luigi</subfield>
    <subfield code="p">AVVENTURE DI PINOCCHIO (LE) (Rif. Codice opera principale : G7029)</subfield>
  </datafield>
  <datafield tag="250" ind1=" " ind2=" ">
    <subfield code="a">Edizione Standard</subfield>
  </datafield>
  <datafield tag="260" ind1=" " ind2=" ">
    <subfield code="a">MILANO (ITALIA)</subfield>
    <subfield code="b">AUDIOVISIVI SAN PAOLO / </subfield>
    <subfield code="g">"1971 (1&#xB0; ed.: 2000 ; Ed. Lingua Orig.: 1971)"</subfield>
  </datafield>
  <datafield tag="300" ind1=" " ind2=" ">
    <subfield code="a">VHS</subfield>
    <subfield code="b">sonoro, col.</subfield>
    <subfield code="c">303 minuti</subfield>
  </datafield>
  <datafield tag="508" ind1=" " ind2=" ">
    <subfield code="a">"Fotografia: Nannuzzi Armando; Montaggio: Baragli Nino; Musica: Carpi Fiorenzo; Sceneggiatura: Comencini Luigi Cecchi D'Amico Suso; Soggetto: Collodi Carlo -- Cecchi D'Amico Suso"</subfield>
  </datafield>
  <datafield tag="511" ind1=" " ind2=" ">
    <subfield code="a">"Manfredi Nino; Lollobrigida Gina; Balestri Andrea; Franchi Franco; Ingrassia Ciccio"</subfield>
  </datafield>
  <datafield tag="520" ind1=" " ind2=" ">
    <subfield code="a">"VERSIONE INTEGRALE DELLA DURATA DI DI 5 ORE, IN DUE VIDEOCASSETTE UNITE. COLORE PAL. FILM PER TUTTI. SOGGETTO: IL FALEGNAME GEPPETTO COSTRUISCE UN BURATTINO DI LEGNO, PINOCCHIO, CHE UNA FATA TRAMUTA SUBITO IN BAMBINO, PROMETTENDOGLI CHE TALE RIMARRA' SE SI MANTERRA' BUONO. MA PINOCCHIO HA UN CARATTERE VIVACE E RIBELLE: DOPO AVERNE COMBINATE DI TUTTI I COLORI, PER PUNIRLO,LA FATA LO FA TORNARE DI LEGNO. LE TRASFORMAZIONI SI SUSSEGUONO SUL RITMO DELLE BIRICHINATE COMPIUTE DA PINOCCHIO CHE ALLA FINE VIENE INGOIATO DALLA BALENA; QUI TROVA GEPPETTO E INSIEME FUGGONO DA QUELLA INSOLITA PRIGIONE PER TORNARE ALLA VITA NORMALE."</subfield>
  </datafield>
  <datafield tag="538" ind1=" " ind2=" ">
    <subfield code="a">PAL, STEREO</subfield>
  </datafield>
  <datafield tag="546" ind1=" " ind2=" ">
    <subfield code="a">ITALIANO</subfield>
  </datafield>
  <datafield tag="650" ind1=" " ind2=" ">
    <subfield code="a">AVVENTURA</subfield>
    <subfield code="e">FILMS [VHS]</subfield>
    <subfield code="x">Codice MATERIA SPICS: 9960</subfield>
    <subfield code="9">38318</subfield>
  </datafield>
  <datafield tag="700" ind1=" " ind2=" ">
    <subfield code="a">Carpi Fiorenzo</subfield>
    <subfield code="e">(musica)</subfield>
    <subfield code="g">Codice Musica SPICS: 13640</subfield>
    <subfield code="9">38319</subfield>
  </datafield>
  <datafield tag="700" ind1=" " ind2=" ">
    <subfield code="a">Cecchi D'Amico Suso </subfield>
    <subfield code="e">(soggetto)</subfield>
    <subfield code="g">Codice Soggetto 2&#xB0; SPICS: 7581</subfield>
    <subfield code="9">38320</subfield>
  </datafield>
  <datafield tag="700" ind1=" " ind2=" ">
    <subfield code="a">Collodi Carlo </subfield>
    <subfield code="e">(soggetto)</subfield>
    <subfield code="g">Codice Soggetto SPICS: 7904</subfield>
    <subfield code="9">38321</subfield>
  </datafield>
  <datafield tag="700" ind1=" " ind2=" ">
    <subfield code="a">Comencini Luigi </subfield>
    <subfield code="e">(regista)</subfield>
    <subfield code="g">Codice regista SPICS: 7883</subfield>
    <subfield code="9">38322</subfield>
  </datafield>
  <datafield tag="942" ind1=" " ind2=" ">
    <subfield code="c">VH</subfield>
    <subfield code="2">ddc</subfield>
  </datafield>
  <datafield tag="999" ind1=" " ind2=" ">
    <subfield code="c">104905</subfield>
    <subfield code="d">104905</subfield>
  </datafield>
  <datafield tag="952" ind1=" " ind2=" ">
    <subfield code="0">0</subfield>
    <subfield code="1">0</subfield>
    <subfield code="4">0</subfield>
    <subfield code="6">G_7029_000000000000000</subfield>
    <subfield code="7">1</subfield>
    <subfield code="a">SPICS</subfield>
    <subfield code="b">SPICS</subfield>
    <subfield code="d">2015-01-31</subfield>
    <subfield code="l">0</subfield>
    <subfield code="o">G7029</subfield>
    <subfield code="r">2015-01-31 00:00:00</subfield>
    <subfield code="w">2015-01-31</subfield>
    <subfield code="y">VH</subfield>
    <subfield code="z">Progr. Ins.: 3013 / N.Vol.:2 / Copie: 1 / Pag.:0 / Copia rara: NO / date import: 1.2.2015 / By Epidotti, Trombetti, Vaglietti</subfield>
  </datafield>
</record>
